| 000 | 00810nam a22002657a 4500 | ||
|---|---|---|---|
| 003 | PILC | ||
| 005 | 20150507144525.0 | ||
| 008 | 130213t xxu||||| |||| 00| 0 eng d | ||
| 020 | _a9780781771788 | ||
| 020 | _a0781771781 | ||
| 020 | _a9781605474052 | ||
| 020 | _a1605474053 | ||
| 050 |
_aRT 48.6 _b.R139 2008 |
||
| 100 | _aRalph, Sheila Sparks. | ||
| 245 |
_aNursing diagnosis reference manual / _cSheila Sparks Ralph, Cynthia M. Taylor. |
||
| 250 | _a7th ed. | ||
| 260 |
_aPhiladelphia: _bLippincott Williams & Wilkins, _c2008. |
||
| 300 |
_axxxiv, 988 pages : _c24 cm. |
||
| 500 | _aIncludes index. | ||
| 650 |
_aNursing diagnosis _xHandbooks, manuals, etc. |
||
| 650 |
_aNursing Diagnosis _xHandbooks. |
||
| 650 |
_aPatient Care Planning _xHandbooks. |
||
| 942 |
_2lcc _cBK |
||
| 999 |
_c283893 _d283893 |
||